[Event "FIDE World Bl Team Pool B"]
[Site "Almaty"]
[Date "2024.08.05"]
[Round "6.14"]
[White "Sadybekov, Adilzhan"]
[Black "Gubaydulin, Talgat"]
[Result "0-1"]
[WhiteElo "1674"]
[BlackElo "2385"]
[PlyCount "108"]
[EventDate "2024.08.05"]
[EventType "team (blitz)"]
[EventRounds "7"]
[EventCountry "KAZ"]
[SourceTitle "CBM 221 Extra"]
[Source "ChessBase"]
[SourceDate "2024.09.30"]
[SourceVersion "1"]
[SourceVersionDate "2024.09.30"]
[SourceQuality "1"]
[WhiteTeam "VKO Team"]
[BlackTeam "Helicopter"]
[WhiteTeamCountry "KAZ"]
[BlackTeamCountry "KAZ"]

1. d4 Nf6 2. Nf3 g6 3. Bg5 Bg7 4. Nbd2 0-0 5. e4 d5 6. Bd3 dxe4 7. Nxe4 Nbd7 8. 0-0 Nxe4 9. Bxe4 c5 10. c3 cxd4 11. cxd4 Nf6 12. Bd3 Be6 13. Rc1 Qb6 14. Qd2 Rfd8 15. Rfe1 Rac8 16. b3 Rxc1 17. Rxc1 Bd5 18. Bf4 Ne8 19. Be5 Bxf3 20. gxf3 Bxe5 21. dxe5 Qd4 22. Rc3 Qxe5 23. Qc1 Nf6 24. Bf1 Nd5 25. Rd3 Kg7 26. Qd1 e6 27. Bg2 Qg5 28. Qf1 Rc8 29. a4 Rc1 30. Rd1 Rxd1 31. Qxd1 Nf4 32. Qf1 Kf6 33. Kh1 Qxg2+ 34. Qxg2 Nxg2 35. Kxg2 Ke5 36. Kg3 Kd4 37. Kf4 f6 38. b4 Kc4 39. b5 Kb4 40. Ke4 Kxa4 41. Kd4 Kxb5 42. f4 a5 43. Kc3 Kc5 44. h4 h5 45. f3 b6 46. Kb3 b5 47. Kc3 Kd5 48. Kd3 a4 49. Kc3 Kc5 50. Kc2 Kc4 51. Kb2 b4 52. Kc2 a3 53. Kb1 Kd4 54. Ka2 Ke3 0-1

[Event "FIDE World Bl Team Pool B"]
[Site "Almaty"]
[Date "2024.08.05"]
[Round "2.8"]
[White "Sadybekov, Adilzhan"]
[Black "Ismagambetov, Anuar"]
[Result "0-1"]
[WhiteElo "1674"]
[BlackElo "2520"]
[PlyCount "60"]
[EventDate "2024.08.05"]
[EventType "team (blitz)"]
[EventRounds "7"]
[EventCountry "KAZ"]
[SourceTitle "CBM 221 Extra"]
[Source "ChessBase"]
[SourceDate "2024.09.30"]
[SourceVersion "1"]
[SourceVersionDate "2024.09.30"]
[SourceQuality "1"]
[WhiteTeam "VKO Team"]
[BlackTeam "Kazakhstan Teniz"]
[WhiteTeamCountry "KAZ"]
[BlackTeamCountry "KAZ"]

1. d4 Nf6 2. Nf3 g6 3. Bg5 Bg7 4. Nbd2 0-0 5. e4 d5 6. e5 Ne4 7. Nxe4 dxe4 8. Bc4 exf3 9. Qxf3 Qxd4 10. Be2 Qxe5 11. Bh4 Nc6 12. 0-0 Bf5 13. Rfe1 Qxb2 14. Rab1 Qc3 15. Rxb7 Qxe1+ 16. Bf1 Nd4 17. Qe3 Qxe3 18. fxe3 Nxc2 19. Kf2 Rab8 20. Rxc7 Rb2 21. Bxe7 Re8 22. Be2 Nxe3 23. Kxe3 Bf6 24. Kf3 Rxe7 25. Rc8+ Bxc8 26. Bc4 Bb7+ 27. Kf4 Re4+ 28. Kf3 Rxc4+ 29. Ke3 Rc3+ 30. Kf4 Rb4# 0-1

[Event "FIDE World Rapid Team"]
[Site "Almaty"]
[Date "2024.08.02"]
[Round "4.45"]
[White "Sadybekov, Adilzhan"]
[Black "Omarbek, Adlet"]
[Result "1/2-1/2"]
[WhiteElo "1674"]
[BlackElo "1713"]
[PlyCount "150"]
[EventDate "2024.08.02"]
[EventType "team (rapid)"]
[EventRounds "12"]
[EventCountry "KAZ"]
[SourceTitle "CBM 221 Extra"]
[Source "ChessBase"]
[SourceDate "2024.09.30"]
[SourceVersion "1"]
[SourceVersionDate "2024.09.30"]
[SourceQuality "1"]
[WhiteTeam "VKO Team"]
[BlackTeam "Baiterekchess"]
[WhiteTeamCountry "KAZ"]
[BlackTeamCountry "KAZ"]

1. d4 Nf6 2. Nf3 b6 3. Bf4 Bb7 4. e3 e6 5. Nbd2 Be7 6. Bd3 d5 7. h3 c5 8. Bxb8 Rxb8 9. Bb5+ Kf8 10. Qe2 c4 11. c3 a6 12. Ba4 b5 13. Bc2 g6 14. e4 Kg7 15. a3 Re8 16. 0-0 a5 17. Nh2 Qb6 18. f4 dxe4 19. Nxe4 Bxe4 20. Bxe4 Red8 21. Ng4 Nxg4 22. hxg4 Rbc8 23. Kh1 b4 24. axb4 axb4 25. f5 exf5 26. gxf5 Bf6 27. Qf3 Rc7 28. Ra4 bxc3 29. bxc3 Re8 30. Rb1 Qd6 31. Rab4 Qe7 32. Bd5 Qe3 33. Qxe3 Rxe3 34. Rb7 Rxb7 35. Rxb7 gxf5 36. Bxf7 Rxc3 37. Bxc4+ Kh6 38. Bg8 Bxd4 39. Rxh7+ Kg6 40. Re7 Kf6 41. Re1 Rc8 42. Rd1 Ke5 43. Re1+ Kf4 44. Rf1+ Kg4 45. Rd1 Bf2 46. Bh7 Rc6 47. g3 Bxg3 48. Rd4+ f4 49. Kg2 Rh6 50. Bg8 Rh2+ 51. Kg1 Rb2 52. Be6+ Kh4 53. Rd7 Kg5 54. Bd5 Kf5 55. Bf3 Bh2+ 56. Kh1 Bg3 57. Kg1 Ke6 58. Rd1 Rf2 59. Rf1 Rb2 60. Rd1 Ke5 61. Rd5+ Kf6 62. Rd1 Rb3 63. Kg2 Rc3 64. Rd2 Re3 65. Rd6+ Ke7 66. Rd4 Ra3 67. Rd2 Ra6 68. Be2 Re6 69. Bf3 Re1 70. Rd1 Re3 71. Rd4 Kf6 72. Rd6+ Ke5 73. Rd5+ Ke6 74. Rd8 Ra3 75. Rd2 Ke5 1/2-1/2